000 01105mam a2200325 a 4500
001 1618575
003 ARRUPE
005 20150521143605.0
008 911003s1990 enk 000 0 eng d
020 _a0852441681
035 _a(OCoLC)ocm24491432
035 _a(NNC)1618575
040 _aVXM
_cVXM
041 1 _aeng
_hlat
050 _aBX3004.
_bE6 1990
100 0 _aBenedict, St.
_cSaint, Abbot of Monte Cassino.
_91891
240 1 0 _aRegula.
_lEnglish.
_f1990
245 1 4 _aThe rule of Saint Benedict /
_c[translated by] Abbot Parry & Esther de Waal.
260 _aLeominster, England :
_bGracewing,
_c1990.
300 _axxviii, 118 p. ;
_c22 cm.
490 1 _aCistercian studies series ;
_vno. 99
610 2 0 _aBenedictines
_vRules.
_916881
650 0 _aMonasticism and religious orders
_vRules.
_916882
700 1 _aParry, David,
_d1908-
_916883
_etr.
700 0 _aBenedict,
_cSaint, Abbot of Monte Cassino.
_tRegula.
_lEnglish.
_916884
700 1 _aDe Waal, Esther.
_916885
_etr.
830 0 _aCistercian studies series ;
_vno. 99.
_916886
900 _bTOC
942 _2lcc
_cMONOGRAPH
999 _c122570
_d122570